| 000 | 00448nam a2200169Ia 4500 | ||
|---|---|---|---|
| 005 | 20250507130445.0 | ||
| 008 | 008 250505s9999 xx 000 0 chi d | ||
| 037 | _aDVD | ||
| 040 |
_aEASL _beng _cEASL |
||
| 041 |
_achi _2eng |
||
| 084 | _qEASL | ||
| 245 | 0 | _aHan yu chuji pian: Chinese elementry course | |
| 260 |
_aChina _bBeijing China Central Radio & TV University Press |
||
| 300 | _a CD | ||
| 942 | _cDVD | ||
| 999 |
_c1320291 _d1320291 |
||